[Event "GBR-ch106 Senior Over 65"]
[Site "Torquay"]
[Date "2019.07.29"]
[Round "1.18"]
[White "Kelly, Ian G"]
[Black "Dennis, Nigel W"]
[Result "0-1"]
[WhiteElo "2000"]
[BlackElo "1745"]
[PlyCount "62"]
[EventDate "2019.07.29"]
[EventType "swiss"]
[EventRounds "7"]
[EventCountry "GBR"]

1. Nf3 d5 2. c4 d4 3. e3 c5 4. b4 b6 5. exd4 cxd4 6. d3 Nf6 7. g3 Bb7 8. Bg2 e5
9. O-O Nbd7 10. Bd2 Bd6 11. Re1 O-O 12. Na3 Re8 13. Nc2 Nf8 14. Rb1 Rc8 15. a4
Qd7 16. b5 Ng6 17. Bb4 Bxb4 18. Nxb4 h6 19. Nd2 Bxg2 20. Kxg2 Qf5 21. Qf3 Qg5
22. Kh1 Qxd2 23. h4 h5 24. Nc6 e4 25. dxe4 Qc3 26. Qxc3 dxc3 27. e5 Ng4 28. Re2
N6xe5 29. Rbe1 c2 30. Nxe5 Rxe5 31. Rxe5 Nxe5 0-1

[Event "GBR-ch106 Senior Over 65"]
[Site "Torquay"]
[Date "2019.07.29"]
[Round "1.19"]
[White "Blewitt, Stephen D"]
[Black "Reuben, Stewart"]
[Result "1-0"]
[WhiteElo "1744"]
[BlackElo "1996"]
[PlyCount "65"]
[EventDate "2019.07.29"]
[EventType "swiss"]
[EventRounds "7"]
[EventCountry "GBR"]

1. b3 d5 2. Bb2 c5 3. e3 Nc6 4. f4 Nf6 5. Nf3 e6 6. Be2 Be7 7. a4 O-O 8. O-O
Nd7 9. Bb5 Bf6 10. Bxf6 Qxf6 11. Nc3 a6 12. Bxc6 bxc6 13. a5 Rb8 14. h3 e5 15.
fxe5 Nxe5 16. Ne2 Nxf3+ 17. Rxf3 Qe5 18. Ra4 Rb4 19. Rf4 Rxa4 20. Rxa4 Re8 21.
Kf2 Bf5 22. Ng3 Bg6 23. c3 Re6 24. Rf4 Bd3 25. Qg4 h6 26. Qf3 Qc7 27. Kg1 Bg6
28. b4 cxb4 29. cxb4 Qe5 30. Qf1 Qb2 31. Qxa6 Qxd2 32. Nf1 Qxb4 33. Rxb4 1-0

[Event "GBR-ch106 Senior Over 65"]
[Site "Torquay"]
[Date "2019.07.29"]
[Round "1.20"]
[White "Myall, Ivan J"]
[Black "Walkowiak, Adam"]
[Result "1-0"]
[WhiteElo "1993"]
[BlackElo "1698"]
[PlyCount "71"]
[EventDate "2019.07.29"]
[EventType "swiss"]
[EventRounds "7"]
[EventCountry "GBR"]

1. d4 Nf6 2. Bf4 d5 3. e3 c5 4. c3 Qb6 5. Qc2 e6 6. Nd2 Nc6 7. Ngf3 Bd7 8. h3
cxd4 9. exd4 Rc8 10. Qb3 Be7 11. Bd3 O-O 12. O-O Rfd8 13. Rfb1 Be8 14. Qd1 a5
15. Ne5 Bd6 16. Nxc6 Qxc6 17. Bg5 Be7 18. Nf3 Qc7 19. Ne5 h6 20. Bxf6 Bxf6 21.
Qe2 Bxe5 22. dxe5 b5 23. Bxb5 Bxb5 24. Qxb5 Qxe5 25. Qxa5 Ra8 26. Qc5 Rac8 27.
Qe3 Qxe3 28. fxe3 Rc4 29. Kf2 Kf8 30. Ke2 Ke7 31. Kd3 Rdc8 32. a4 e5 33. a5 Ra8
34. b4 Kd6 35. a6 Ra7 36. b5 1-0

[Event "GBR-ch106 Senior Over 65"]
[Site "Torquay"]
[Date "2019.07.29"]
[Round "1.21"]
[White "Cresswell, Mike J"]
[Black "Hutchinson, Norman A"]
[Result "1/2-1/2"]
[WhiteElo "1685"]
[BlackElo "1983"]
[PlyCount "64"]
[EventDate "2019.07.29"]
[EventType "swiss"]
[EventRounds "7"]
[EventCountry "GBR"]

1. e4 c6 2. d4 d5 3. Nc3 dxe4 4. Nxe4 Bf5 5. Ng3 Bg6 6. Nf3 Nd7 7. Bd3 e6 8.
O-O Bd6 9. Re1 Ngf6 10. Ne4 Nxe4 11. Bxe4 Qc7 12. h3 Nf6 13. Bxg6 hxg6 14. c4
O-O-O 15. Qa4 Kb8 16. c5 Bf4 17. Bxf4 Qxf4 18. Re3 Nd5 19. Ra3 a6 20. Rb3 Kc8
21. Ne5 Rh5 22. Rf3 Qe4 23. Nxf7 Nf4 24. Nxd8 Rg5 25. Qb3 Rxg2+ 26. Kh1 Rxf2
27. Qxb7+ Kxd8 28. Qb8+ Ke7 29. Qc7+ Ke8 30. Qc8+ Ke7 31. Qc7+ Ke8 32. Qc8+ Ke7
1/2-1/2

[Event "GBR-ch106 Senior Over 65"]
[Site "Torquay"]
[Date "2019.07.29"]
[Round "1.22"]
[White "Milnes, Anthony CP"]
[Black "Norman, Dinah M"]
[Result "1/2-1/2"]
[WhiteElo "1974"]
[BlackElo "1680"]
[PlyCount "79"]
[EventDate "2019.07.29"]
[EventType "swiss"]
[EventRounds "7"]
[EventCountry "GBR"]

1. f4 d5 2. Nf3 Nf6 3. e3 Bg4 4. Be2 Bxf3 5. Bxf3 c6 6. O-O g6 7. d3 Bg7 8. Nc3
O-O 9. Qe1 a5 10. e4 e6 11. Qg3 Na6 12. f5 dxe4 13. dxe4 exf5 14. exf5 Qb6+ 15.
Kh1 Nb4 16. Bd1 Nbd5 17. Nxd5 Nxd5 18. c3 a4 19. a3 Rfe8 20. Re1 Rxe1+ 21. Qxe1
Qd8 22. fxg6 hxg6 23. Bf3 b5 24. Bd2 Qd7 25. Rd1 Re8 26. Qh4 Qf5 27. Re1 Rxe1+
28. Qxe1 Qd7 29. h4 Nf6 30. Bg5 Nd5 31. Qe2 Qe6 32. Qxe6 fxe6 33. Kg1 Kf7 34.
Kf2 Ke8 35. Ke2 Be5 36. Kd3 Bg7 37. h5 gxh5 38. Bxh5+ Kd7 39. Bf7 Kd6 40. Ke4
1/2-1/2

[Event "GBR-ch106 Senior Over 65"]
[Site "Torquay"]
[Date "2019.07.29"]
[Round "1.23"]
[White "Rhodes, Lawrence"]
[Black "Moore, Geoffrey R"]
[Result "0-1"]
[WhiteElo "1607"]
[BlackElo "1964"]
[PlyCount "134"]
[EventDate "2019.07.29"]
[EventType "swiss"]
[EventRounds "7"]
[EventCountry "GBR"]

1. c4 Nf6 2. Nc3 g6 3. Nf3 Bg7 4. d4 O-O 5. e4 d6 6. Be2 e5 7. d5 a5 8. Bg5 h6
9. Bh4 Na6 10. Nd2 Qe8 11. f3 Nh7 12. b3 h5 13. Rb1 Bh6 14. Bf2 f5 15. a3 b6
16. b4 axb4 17. axb4 fxe4 18. Ndxe4 Bf5 19. Bd3 Qe7 20. Qe2 Nb8 21. c5 bxc5 22.
bxc5 Nf6 23. c6 g5 24. Be3 Nxe4 25. fxe4 Bg4 26. Qd2 h4 27. h3 Bc8 28. Qe2 Qf7
29. Rf1 Qg6 30. Kd2 Bg7 31. Rb2 g4 32. Rxf8+ Bxf8 33. hxg4 Bxg4 34. Qf2 Be7 35.
Rb7 Bd8 36. Ba7 Bg5+ 37. Kc2 Na6 38. Bxa6 Rf8 39. Rb8 Bd8 40. Qe1 Bh5 41. Qg1
Qf6 42. Be2 Bg6 43. Bd3 Kg7 44. Rb7 Rf7 45. Nb5 Qf4 46. Be3 Qg4 47. Nc3 Qg3 48.
Ne2 Qg4 49. Rb4 Be7 50. g3 h3 51. Qh2 Rf1 52. Kc3 Rf3 53. Bd2 Bxe4 54. Kb2 Rxd3
55. Nc3 Rd4 56. Rxd4 exd4 57. Nxe4 Qxe4 58. Qxh3 Qxd5 59. Bh6+ Kg6 60. Qd7 Kxh6
61. Qxe7 Qb5+ 62. Ka3 Qc5+ 63. Kb3 Qc3+ 64. Ka2 Qd2+ 65. Kb3 Qe3+ 66. Qxe3+
dxe3 67. Kc3 d5 0-1

[Event "GBR-ch106 Senior Over 65"]
[Site "Torquay"]
[Date "2019.07.29"]
[Round "1.24"]
[White "Pickersgill, Adrian O"]
[Black "Kearsley, Raymond J"]
[Result "1/2-1/2"]
[WhiteElo "1948"]
[BlackElo "1598"]
[PlyCount "70"]
[EventDate "2019.07.29"]
[EventType "swiss"]
[EventRounds "7"]
[EventCountry "GBR"]

1. e4 d5 2. exd5 Nf6 3. d4 Nxd5 4. Nf3 Nc6 5. c4 Nf6 6. d5 Nb8 7. Bd3 e6 8.
dxe6 Bxe6 9. O-O Be7 10. Nc3 O-O 11. Qc2 Nc6 12. a3 a5 13. Bg5 h6 14. Bh4 Nd4
15. Nxd4 Qxd4 16. Bxf6 Bxf6 17. Rad1 Qb6 18. b3 Rad8 19. Ne4 Bd4 20. Kh1 f5 21.
Ng3 f4 22. Ne4 Bg4 23. f3 Bf5 24. Rfe1 Be3 25. c5 Qg6 26. b4 axb4 27. axb4 Kh8
28. g4 Bxe4 29. Bxe4 Qa6 30. Rxd8 Rxd8 31. Rd1 Rd4 32. h3 Qb5 33. Ra1 Rd8 34.
Rd1 Rd4 35. Ra1 Rd8 1/2-1/2

[Event "GBR-ch106 Senior Over 65"]
[Site "Torquay"]
[Date "2019.07.29"]
[Round "1.25"]
[White "O'Brien, Paul W"]
[Black "Campbell, Ian"]
[Result "0-1"]
[WhiteElo "1590"]
[BlackElo "1945"]
[PlyCount "95"]
[EventDate "2019.07.29"]
[EventType "swiss"]
[EventRounds "7"]
[EventCountry "GBR"]

1. e4 g6 2. d4 Bg7 3. Nc3 d6 4. f4 e6 5. Nf3 Ne7 6. Be2 b6 7. O-O Bb7 8. Be3
Nd7 9. Qd2 Nf6 10. e5 Ng4 11. exd6 Qxd6 12. Ne5 Nxe3 13. Qxe3 Nf5 14. Qf2 O-O
15. Nb5 Qe7 16. Rad1 a6 17. Na3 Rad8 18. c3 Nd6 19. Bf3 Qe8 20. Bxb7 Nxb7 21.
Qf3 Nd6 22. c4 Nf5 23. Nc2 Qa4 24. Qc3 c5 25. b3 cxd4 26. Nxd4 Nxd4 27. Rxd4
Qxa2 28. Rfd1 Rxd4 29. Rxd4 Qe2 30. Qd2 Qxd2 31. Rxd2 Bxe5 32. fxe5 Rc8 33. Rd6
b5 34. cxb5 axb5 35. Rd3 Rc5 36. Re3 Kg7 37. Kf2 f6 38. exf6+ Kxf6 39. g4 e5
40. Kf3 Rc2 41. h4 Ke6 42. Rd3 b4 43. Ke4 Rh2 44. h5 gxh5 45. gxh5 Rh4+ 46. Ke3
Rh3+ 47. Ke4 Rxd3 48. Kxd3 0-1

[Event "GBR-ch106 Senior Over 65"]
[Site "Torquay"]
[Date "2019.07.30"]
[Round "2.1"]
[White "Hutchinson, Paul A"]
[Black "Habershon, Paul F"]
[Result "0-1"]
[WhiteElo "2177"]
[BlackElo "2017"]
[PlyCount "84"]
[EventDate "2019.07.29"]
[EventType "swiss"]
[EventRounds "7"]
[EventCountry "GBR"]

1. d4 Nf6 2. Nf3 g6 3. e3 Bg7 4. Bd3 d6 5. c4 O-O 6. O-O Nbd7 7. Nc3 e5 8. Qc2
b6 9. Rd1 Qe7 10. Rb1 Bb7 11. d5 Nc5 12. e4 a5 13. h3 Rae8 14. Bg5 h6 15. Be3
Nh5 16. Bxc5 bxc5 17. g3 Bc8 18. Kg2 f5 19. Ne2 Nf6 20. Nc3 Qd7 21. Ng1 f4 22.
Be2 h5 23. Rd3 g5 24. Qd1 g4 25. hxg4 hxg4 26. f3 gxf3+ 27. Bxf3 Bh6 28. Bh5
Re7 29. Bg6 Rg7 30. Bf5 Qe8 31. Bxc8 Qxc8 32. Nge2 Ng4 33. Qh1 Rh7 34. Qh5 Ne3+
35. Rxe3 fxe3 36. Rh1 Rf2+ 37. Kg1 Qf8 38. Nd1 Rf1+ 39. Kg2 Rxd1 40. Qg4+ Kh8
41. Nf4 Rd2+ 42. Kg1 exf4 0-1

[Event "GBR-ch106 Senior Over 65"]
[Site "Torquay"]
[Date "2019.07.30"]
[Round "2.2"]
[White "Norman, Kenneth I"]
[Black "Wager, John D"]
[Result "1-0"]
[WhiteElo "2121"]
[BlackElo "2014"]
[PlyCount "135"]
[EventDate "2019.07.29"]
[EventType "swiss"]
[EventRounds "7"]
[EventCountry "GBR"]

1. Nf3 d5 2. g3 Nf6 3. Bg2 e6 4. O-O Bd6 5. d4 Nbd7 6. c4 c6 7. Qc2 O-O 8. Nbd2
Re8 9. b3 b6 10. Bb2 Bb7 11. e4 Nxe4 12. Nxe4 dxe4 13. Qxe4 Nf6 14. Qc2 Rc8 15.
Rad1 Rc7 16. c5 Bf8 17. Rfe1 Nd5 18. a3 g6 19. h4 Bg7 20. Nd2 Ba6 21. Ne4 Bf8
22. Bc1 f6 23. Bb2 Kf7 24. h5 Be7 25. hxg6+ hxg6 26. Nd2 Rh8 27. b4 Qg8 28. Qe4
Bc8 29. cxb6 axb6 30. Rc1 Qh7 31. Nf1 Bd6 32. Qe2 b5 33. Nd2 Qh5 34. Qxh5 Rxh5
35. Ne4 Ke7 36. Rc2 Bd7 37. Nd2 g5 38. Nb3 Rh8 39. Na5 Rhc8 40. Bh3 Kf7 41.
Rce2 f5 42. Nb3 Rh8 43. Bg2 f4 44. Nc5 Rh6 45. Ne4 Be7 46. Bf3 Rc8 47. Nc5 Rd8
48. Nxd7 Rxd7 49. Rc2 Bd6 50. Kg2 fxg3 51. fxg3 Rc7 52. Bc1 Rh7 53. Bg4 Nf6 54.
Bxe6+ Kg6 55. Rf1 Rhg7 56. Bf5+ Kf7 57. Bb2 Nd5 58. Bg4+ Ke8 59. Re2+ Rce7 60.
Rfe1 Kd8 61. Rxe7 Rxe7 62. Rxe7 Kxe7 63. Kf3 Kf6 64. Bd7 Ne7 65. Kg4 Kg6 66.
Bc1 Nd5 67. Bxg5 Nf6+ 68. Bxf6 1-0

[Event "GBR-ch106 Senior Over 65"]
[Site "Torquay"]
[Date "2019.07.30"]
[Round "2.3"]
[White "Reuben, Stewart"]
[Black "Bowmer, Kevin"]
[Result "1/2-1/2"]
[WhiteElo "1996"]
[BlackElo "2107"]
[PlyCount "36"]
[EventDate "2019.07.29"]
[EventType "swiss"]
[EventRounds "7"]
[EventCountry "GBR"]

1. c4 g6 2. g3 Bg7 3. Bg2 c5 4. Nc3 Nc6 5. e3 e5 6. Nge2 Nge7 7. Nd5 O-O 8.
Nec3 Rb8 9. O-O a6 10. Qe2 b5 11. cxb5 axb5 12. Nxb5 Nxd5 13. Bxd5 Ba6 14. a4
Na7 15. Bc4 d5 16. Nxa7 dxc4 17. Nc6 Qb6 18. Nxb8 Rxb8 1/2-1/2

[Event "GBR-ch106 Senior Over 65"]
[Site "Torquay"]
[Date "2019.07.30"]
[Round "2.4"]
[White "Page, Mark E"]
[Black "Myall, Ivan J"]
[Result "1/2-1/2"]
[WhiteElo "2102"]
[BlackElo "1993"]
[PlyCount "97"]
[EventDate "2019.07.29"]
[EventType "swiss"]
[EventRounds "7"]
[EventCountry "GBR"]

1. e4 g6 2. d4 Bg7 3. Nc3 c5 4. Nf3 cxd4 5. Nxd4 Nc6 6. Be3 Nf6 7. Be2 O-O 8.
O-O d6 9. h3 Bd7 10. Qd2 Rc8 11. Rad1 Na5 12. Nf3 b6 13. e5 dxe5 14. Nxe5 Be6
15. Ba6 Qxd2 16. Rxd2 Rxc3 17. bxc3 Ne4 18. Rd4 Nc5 19. Bb5 Bxe5 20. Rdd1 Bxc3
21. Bxc5 bxc5 22. Rd3 Bf6 23. Ra3 Nc4 24. Rxa7 Nd6 25. Be2 c4 26. a4 Bd5 27.
Bf3 Bxf3 28. gxf3 Nf5 29. Rc7 Nd6 30. Ra7 Rc8 31. Rb1 Kf8 32. Rd1 Rb8 33. a5
Nb5 34. Rad7 e6 35. a6 Ra8 36. Rb7 Rxa6 37. Rxb5 Ra7 38. Rdb1 Ra2 39. Rb7 Rxc2
40. Rd1 Rb2 41. Rxb2 Bxb2 42. Rd8+ Ke7 43. Rc8 c3 44. Kf1 Kd7 45. Rc4 e5 46.
Ke2 Ke6 47. Kd3 h5 48. Rc7 f6 49. Rc4 1/2-1/2

[Event "GBR-ch106 Senior Over 65"]
[Site "Torquay"]
[Date "2019.07.30"]
[Round "2.5"]
[White "Moore, Geoffrey R"]
[Black "Brameld, Arthur F"]
[Result "1/2-1/2"]
[WhiteElo "1964"]
[BlackElo "2091"]
[PlyCount "50"]
[EventDate "2019.07.29"]
[EventType "swiss"]
[EventRounds "7"]
[EventCountry "GBR"]

1. e4 e6 2. d4 d5 3. Nd2 dxe4 4. Nxe4 Nd7 5. Nf3 Ngf6 6. Bg5 h6 7. Bxf6 Nxf6 8.
Ned2 c5 9. Nb3 cxd4 10. Nbxd4 Bc5 11. Nb3 Qxd1+ 12. Rxd1 Bb6 13. Bd3 Bd7 14.
Ne5 Ke7 15. O-O Rhd8 16. Be2 Rac8 17. c3 Ba4 18. Bf3 Rxd1 19. Rxd1 Rc7 20. Rd2
Nd7 21. Nxd7 Bxd7 22. Kf1 Bb5+ 23. Ke1 Bc4 24. Nc1 Ba6 25. Be2 Bxe2 1/2-1/2

[Event "GBR-ch106 Senior Over 65"]
[Site "Torquay"]
[Date "2019.07.30"]
[Round "2.6"]
[White "Campbell, Ian"]
[Black "Hewson, Brian WR"]
[Result "1/2-1/2"]
[WhiteElo "1945"]
[BlackElo "2035"]
[PlyCount "70"]
[EventDate "2019.07.29"]
[EventType "swiss"]
[EventRounds "7"]
[EventCountry "GBR"]

1. Nf3 Nf6 2. b3 e6 3. Bb2 b6 4. e3 Bb7 5. d4 Na6 6. a3 c5 7. Bd3 Nc7 8. c4 Be7
9. Nbd2 cxd4 10. exd4 O-O 11. O-O d5 12. Qe2 a5 13. a4 Na6 14. Rac1 Nb4 15. Bb1
Rc8 16. Rfd1 Rc7 17. Ne5 Qa8 18. cxd5 Rxc1 19. Rxc1 Nbxd5 20. g3 Rc8 21. Rxc8+
Qxc8 22. Qc4 Bb4 23. Qxc8+ Bxc8 24. Ndc4 Bb7 25. Bd3 Kf8 26. Kf1 Ke7 27. h3 h6
28. Ke2 Ne8 29. f3 Nec7 30. Ng4 Bc6 31. Ba3 Nc3+ 32. Kf2 Nd1+ 33. Ke2 Nc3+ 34.
Kf2 Nd1+ 35. Ke2 Nc3+ 1/2-1/2

[Event "GBR-ch106 Senior Over 65"]
[Site "Torquay"]
[Date "2019.07.30"]
[Round "2.7"]
[White "Burnett, Jim"]
[Black "Dennis, Nigel W"]
[Result "1-0"]
[WhiteElo "2018"]
[BlackElo "1745"]
[PlyCount "141"]
[EventDate "2019.07.29"]
[EventType "swiss"]
[EventRounds "7"]
[EventCountry "GBR"]

1. d4 Nf6 2. c4 g6 3. g3 Bg7 4. Bg2 d6 5. Nf3 O-O 6. Nc3 Nbd7 7. O-O e5 8. e4
exd4 9. Nxd4 Nc5 10. h3 Ne6 11. Nde2 Re8 12. Qc2 Rb8 13. Be3 b6 14. Rfd1 Qe7
15. Rac1 Bb7 16. Nd5 Nxd5 17. exd5 Nf8 18. Nd4 a5 19. Qd2 Nd7 20. Re1 Qf8 21.
b3 Nc5 22. Kh2 Ne4 23. Qc2 Nc5 24. Rcd1 Bh6 25. f4 Bg7 26. Bf3 Bc8 27. Nc6 Ra8
28. g4 Bd7 29. f5 Bxc6 30. dxc6 Be5+ 31. Kg2 Qg7 32. Bd5 Bc3 33. fxg6 hxg6 34.
Re2 Ne6 35. Rf1 Rf8 36. Ref2 Rae8 37. Rf3 Bd4 38. Qd2 Bxe3 39. Qxe3 Qe5 40. Qf2
Ng5 41. Rf6 Kg7 42. h4 Ne4 43. Rxf7+ Rxf7 44. Qxf7+ Kh8 45. Bxe4 Qxe4+ 46. Qf3
Kg7 47. Rf2 Re7 48. Qxe4 Rxe4 49. Kf3 Rd4 50. Rg2 a4 51. Ke3 Rd1 52. bxa4 Rh1
53. c5 bxc5 54. Rb2 Rh3+ 55. Ke4 Rxh4 56. Kd5 Rxg4 57. Ke6 c4 58. Kd7 c3 59.
Rc2 Rxa4 60. Rxc3 Ra7 61. Kc8 Kf6 62. a3 Ke6 63. Kb8 Ra4 64. Kxc7 Rh4 65. Kb7
d5 66. c7 Rh7 67. Kb8 Rh8+ 68. c8=Q+ Rxc8+ 69. Kxc8 d4 70. Rc6+ Kd5 71. Rxg6
1-0

[Event "GBR-ch106 Senior Over 65"]
[Site "Torquay"]
[Date "2019.07.30"]
[Round "2.8"]
[White "Wright, Daniel"]
[Black "Thynne, Trefor F"]
[Result "1/2-1/2"]
[WhiteElo "2235"]
[BlackElo "1913"]
[PlyCount "38"]
[EventDate "2019.07.29"]
[EventType "swiss"]
[EventRounds "7"]
[EventCountry "GBR"]

1. c4 c6 2. Nf3 d5 3. e3 Nf6 4. b3 e6 5. Bb2 Nbd7 6. Nc3 Bd6 7. cxd5 exd5 8.
Be2 O-O 9. Qc2 Re8 10. h3 Nc5 11. d3 a5 12. d4 Nce4 13. Nxe4 Nxe4 14. a3 Qe7
15. Bc1 Bf5 16. Bd3 Bg6 17. Qe2 Nc3 18. Qc2 Ne4 19. Qe2 Nc3 1/2-1/2

[Event "GBR-ch106 Senior Over 65"]
[Site "Torquay"]
[Date "2019.07.30"]
[Round "2.9"]
[White "Skinner, Nicholas H"]
[Black "Shephard, Chris CW"]
[Result "0-1"]
[WhiteElo "1905"]
[BlackElo "2214"]
[PlyCount "150"]
[EventDate "2019.07.29"]
[EventType "swiss"]
[EventRounds "7"]
[EventCountry "GBR"]

1. d4 d6 2. c4 Nf6 3. Nc3 e5 4. dxe5 dxe5 5. Qxd8+ Kxd8 6. Bg5 Be6 7. O-O-O+
Nbd7 8. e4 Bc5 9. f3 c6 10. Kc2 Ke8 11. b3 h6 12. Bc1 Ke7 13. Nge2 Rhc8 14. Kb2
a5 15. Ng3 Kf8 16. Bd3 Be7 17. Nf5 Bxf5 18. exf5 Nc5 19. Bc2 Rd8 20. Rhe1 Rxd1
21. Rxd1 a4 22. bxa4 Ne8 23. Be3 Ra5 24. Bxc5 Bxc5 25. Rd7 Nd6 26. Ne4 Nxe4 27.
Bxe4 Ra7 28. Kb3 Ke8 29. Rd1 Ke7 30. g4 Ra6 31. Rb1 Kd6 32. Rd1+ Kc7 33. Rb1
Ra8 34. Rd1 Be3 35. Bc2 Ra6 36. Rb1 Bd4 37. Bd3 Ra8 38. Rd1 Kb6 39. Rb1 Kc5 40.
h4 Bf2 41. h5 Ra6 42. g5 f6 43. g6 Rb6+ 44. Kc3 Bd4+ 45. Kc2 Rxb1 46. Kxb1 Kb4
47. Kc2 Kxa4 48. Be2 Ka3 49. Kb1 Bb6 50. Bd3 Kb4 51. Kc2 Kc5 52. Kb3 Kd4 53.
Be4 Ba5 54. Bc2 Ke3 55. Be4 Kf4 56. Kc2 Kg5 57. Kd1 Kxh5 58. Ke2 Kg5 59. Kf2
Kf4 60. Kg2 Ke3 61. Bc2 Kd2 62. Bb3 Kd3 63. Kg3 Be1+ 64. Kg2 Ke2 65. Bc2 Ke3
66. Bb3 Kd3 67. Kf1 Bb4 68. Kg2 h5 69. Kh3 Be1 70. Kg2 Bb4 71. Kh3 Ke2 72. Kg2
h4 73. Bc2 h3+ 74. Kxh3 Kxf3 75. Bb1 Kf4 0-1

[Event "GBR-ch106 Senior Over 65"]
[Site "Torquay"]
[Date "2019.07.30"]
[Round "2.10"]
[White "Emerson, Roger"]
[Black "Stimpson, Philip M"]
[Result "1-0"]
[WhiteElo "2181"]
[BlackElo "1935"]
[PlyCount "75"]
[EventDate "2019.07.29"]
[EventType "swiss"]
[EventRounds "7"]
[EventCountry "GBR"]

1. d4 d5 2. c4 c6 3. Nc3 Nf6 4. e3 e6 5. Nf3 Nbd7 6. Qc2 Bd6 7. Bd3 dxc4 8.
Bxc4 O-O 9. O-O b5 10. Be2 Bb7 11. h3 a6 12. e4 e5 13. Rd1 Qe7 14. Be3 Rac8 15.
a3 Rfe8 16. Qd2 Rcd8 17. Qc2 a5 18. dxe5 Nxe5 19. Nd4 g6 20. f4 Ned7 21. Bf3 b4
22. axb4 axb4 23. Ra7 Ba8 24. Rxa8 Rxa8 25. Nxc6 Qf8 26. Nb5 Bc5 27. Bxc5 Qxc5+
28. Qxc5 Nxc5 29. e5 Nfe4 30. Nc7 Rec8 31. Nxa8 Rxa8 32. Rd4 Ra1+ 33. Kh2 Nf2
34. Nxb4 h5 35. g3 Rb1 36. Rd2 Nfe4 37. Re2 f5 38. exf6 1-0

[Event "GBR-ch106 Senior Over 65"]
[Site "Torquay"]
[Date "2019.07.30"]
[Round "2.11"]
[White "De Coverly, Roger D"]
[Black "Friedgood, David"]
[Result "0-1"]
[WhiteElo "1928"]
[BlackElo "2177"]
[PlyCount "44"]
[EventDate "2019.07.29"]
[EventType "swiss"]
[EventRounds "7"]
[EventCountry "GBR"]

1. e4 g6 2. d4 Bg7 3. Nc3 d6 4. Be3 a6 5. f4 b5 6. a3 Bb7 7. Nf3 Nd7 8. Bd3
Ngf6 9. e5 Nd5 10. Nxd5 Bxd5 11. O-O O-O 12. b3 c5 13. c3 cxd4 14. cxd4 Qb6 15.
Bf2 Rac8 16. f5 Qc6 17. Bh4 dxe5 18. fxg6 fxg6 19. Nxe5 Nxe5 20. Rxf8+ Rxf8 21.
Rc1 Qb6 22. Bxe7 Qxd4+ 0-1

[Event "GBR-ch106 Senior Over 65"]
[Site "Torquay"]
[Date "2019.07.30"]
[Round "2.12"]
[White "Towers, Nigel S"]
[Black "Orton, Stephen LA"]
[Result "0-1"]
[WhiteElo "1830"]
[BlackElo "2167"]
[PlyCount "134"]
[EventDate "2019.07.29"]
[EventType "swiss"]
[EventRounds "7"]
[EventCountry "GBR"]

1. e4 c5 2. Nf3 Nc6 3. d4 cxd4 4. Nxd4 Nf6 5. Nc3 d6 6. g3 Qb6 7. Nb3 Bg4 8. f3
Bd7 9. Qe2 g6 10. Be3 Qc7 11. Bg5 Ng8 12. Nd5 Qd8 13. h4 h6 14. Be3 Bg7 15. c3
Nf6 16. Nxf6+ Bxf6 17. Qd2 Bg7 18. Be2 a6 19. Nd4 b5 20. Nxc6 Bxc6 21. Bd4 O-O
22. Bxg7 Kxg7 23. Rd1 Qc7 24. Kf2 Rad8 25. Qe3 f5 26. Bd3 fxe4 27. Bxe4 d5 28.
Bb1 d4 29. Rxd4 Rxf3+ 30. Qxf3 Bxf3 31. Kxf3 Qc6+ 32. Be4 Qf6+ 33. Ke3 Rf8 34.
Rh2 Qf1 35. Rg2 Qe1+ 36. Kd3 Qf1+ 37. Kc2 Rf2+ 38. Rxf2 Qxf2+ 39. Rd2 Qe3 40.
Bb7 a5 41. Rg2 e5 42. g4 Qe1 43. h5 e4 44. Bc6 b4 45. Bb5 Qe3 46. Rd2 gxh5 47.
gxh5 bxc3 48. bxc3 Kf6 49. Rg2 Ke5 50. Rg6 Qf2+ 51. Kb3 Qd2 52. a4 Qd1+ 53. Kb2
Qd2+ 54. Kb3 e3 55. Bc4 Qd1+ 56. Ka3 Qxh5 57. Rb6 Ke4 58. Rb5 Qd1 59. Rxa5 e2
60. Bxe2 Qxe2 61. Ra7 Qc4 62. Kb2 h5 63. Rb7 Qxa4 64. Rh7 Qb5+ 65. Kc2 Qf5 66.
Re7+ Kd5+ 67. Kd2 Qg5+ 0-1

[Event "GBR-ch106 Senior Over 65"]
[Site "Torquay"]
[Date "2019.07.30"]
[Round "2.13"]
[White "Anderton, David W"]
[Black "Goodwin, Ed H"]
[Result "1-0"]
[WhiteElo "2088"]
[BlackElo "1825"]
[PlyCount "67"]
[EventDate "2019.07.29"]
[EventType "swiss"]
[EventRounds "7"]
[EventCountry "GBR"]

1. d4 Nf6 2. c4 e6 3. Nc3 Bb4 4. f3 d5 5. a3 Bxc3+ 6. bxc3 c5 7. cxd5 exd5 8.
e3 cxd4 9. cxd4 O-O 10. Bd3 Re8 11. Ne2 b6 12. O-O Ba6 13. Ng3 Bxd3 14. Qxd3
Nc6 15. Bb2 Na5 16. e4 Nd7 17. e5 Nc4 18. Bc3 f6 19. f4 Nf8 20. Rae1 Nxa3 21.
f5 Nc4 22. Nh5 Qc7 23. exf6 Rxe1 24. Rxe1 Qf7 25. Qf3 gxf6 26. Nxf6+ Kh8 27.
Nxd5 Rd8 28. Ne7 h6 29. d5+ Kh7 30. f6 b5 31. Nc6 Rd7 32. Re7 Rxe7 33. fxe7
Qxf3 34. gxf3 1-0

[Event "GBR-ch106 Senior Over 65"]
[Site "Torquay"]
[Date "2019.07.30"]
[Round "2.14"]
[White "Marshall, Michael O"]
[Black "Bray, Dave J"]
[Result "1/2-1/2"]
[WhiteElo "1885"]
[BlackElo "2085"]
[PlyCount "85"]
[EventDate "2019.07.29"]
[EventType "swiss"]
[EventRounds "7"]
[EventCountry "GBR"]

1. d4 Nf6 2. Bf4 g6 3. e3 Bg7 4. Nf3 d6 5. Be2 O-O 6. O-O c5 7. c3 Qb6 8. Qb3
Qxb3 9. axb3 cxd4 10. exd4 a6 11. b4 Nbd7 12. Nbd2 Re8 13. h3 e5 14. dxe5 dxe5
15. Bh2 e4 16. Nd4 Nd5 17. Nc2 f5 18. Rad1 N7b6 19. Nc4 Be6 20. Nd4 Nxc3 21.
Nxb6 Bxd4 22. Nxa8 Nxe2+ 23. Kh1 Rxa8 24. Rfe1 Bc4 25. Rxe2 Bxe2 26. Rxd4 Bb5
27. Bc7 Kf7 28. Rd8 Rxd8 29. Bxd8 Ke6 30. Kh2 f4 31. g3 e3 32. fxe3 fxe3 33.
Bg5 e2 34. Bd2 Kd5 35. Kg2 Ke4 36. Kf2 Kd3 37. Bc3 Kc2 38. h4 Kd1 39. Be1 h5
40. Bc3 Bc4 41. Be1 b5 42. Bc3 Kc2 43. Ke1 1/2-1/2

[Event "GBR-ch106 Senior Over 65"]
[Site "Torquay"]
[Date "2019.07.30"]
[Round "2.15"]
[White "Jones, Chris"]
[Black "Cresswell, Mike J"]
[Result "1-0"]
[WhiteElo "2036"]
[BlackElo "1685"]
[PlyCount "39"]
[EventDate "2019.07.29"]
[EventType "swiss"]
[EventRounds "7"]
[EventCountry "GBR"]

1. d4 Nf6 2. Bf4 g6 3. Nc3 d6 4. e4 Bg7 5. Qd2 Nc6 6. O-O-O Bd7 7. Nf3 h6 8. h3
Nh5 9. Be3 e5 10. g4 exd4 11. Nxd4 Nxd4 12. Bxd4 Bxd4 13. Qxd4 Qg5+ 14. Kb1 O-O
15. gxh5 gxh5 16. Be2 Qa5 17. Nd5 Rfd8 18. Nf6+ Kf8 19. Nxd7+ Rxd7 20. Qh8+ 1-0

[Event "GBR-ch106 Senior Over 65"]
[Site "Torquay"]
[Date "2019.07.30"]
[Round "2.16"]
[White "Hutchinson, Norman A"]
[Black "Gamble, Raymond J"]
[Result "1/2-1/2"]
[WhiteElo "1983"]
[BlackElo "1835"]
[PlyCount "91"]
[EventDate "2019.07.29"]
[EventType "swiss"]
[EventRounds "7"]
[EventCountry "GBR"]

1. e4 e6 2. d4 d5 3. Nd2 dxe4 4. Nxe4 Bd7 5. Nf3 Bc6 6. Bd3 Bxe4 7. Bxe4 c6 8.
O-O Nf6 9. Bd3 Bd6 10. Re1 Qc7 11. Ne5 Nbd7 12. Bf4 Nd5 13. Bg3 h5 14. Qf3 Bxe5
15. Bxe5 Nxe5 16. Rxe5 O-O-O 17. Rae1 Nf6 18. Qg3 Ng4 19. Rg5 Qxg3 20. hxg3 g6
21. f3 Nh6 22. Ra5 a6 23. c3 Nf5 24. Kf2 Kc7 25. Be4 Nd6 26. Bd3 Nf5 27. Rae5
Ne7 28. Bc4 Nd5 29. Rh1 Rhg8 30. Re4 Rgf8 31. g4 hxg4 32. Rxg4 Rh8 33. Rgh4
Rxh4 34. Rxh4 Kd6 35. g4 Nf6 36. Rh1 g5 37. Kg3 Nd5 38. Rh5 Rg8 39. Bxd5 cxd5
40. f4 gxf4+ 41. Kxf4 b5 42. g5 a5 43. a3 Rb8 44. Rh7 Rf8 45. Rh1 Rb8 46. Rh7
1/2-1/2